| 000 | 00000nam 2200000zi 4500 |
| 001 | 9.931410 |
| 003 | CaOODSP |
| 005 | 20240125160148 |
| 006 | m o d f |
| 007 | cr |n||||||||| |
| 008 | 231213s2017 onc ob f000 0 fre d |
| 040 | |aCaOODSP|bfre|erda|cCaOODSP |
| 043 | |an-cn--- |
| 086 | 1 |aNG21-20/2017F-PDF |
| 245 | 03|aLa politique de gestion des risques. |
| 246 | 37|aLa politique de gestion des risques du MBAC |
| 264 | 1|a[Ottawa] : |bNational Gallery of Canada = MuseĢe des beaux-arts du Canada, |c[2017] |
| 300 | |a1 ressource en ligne (5 pages) |
| 336 | |atexte|btxt|2rdacontent/fre |
| 337 | |ainformatique|bc|2rdamedia/fre |
| 338 | |aressource en ligne|bcr|2rdacarrier/fre |
| 500 | |aTitre de la couverture. |
| 500 | |a« Le conseil d’administration a approuvé cette politique le 14 mars 2017. »--page couverture. |
| 500 | |aPublié aussi en anglais sous le titre : Policy on risk management. |
| 504 | |aComprend des références bibliographiques (page 4). |
| 610 | 26|aMusée des beaux-arts du Canada|xGestion. |
| 650 | 6|aGestion du risque|zCanada. |
| 710 | 2 |aMusée des beaux-arts du Canada, |eorganisme de publication. |
| 775 | 08|tPolicy on risk management.|w(CaOODSP)9.931406 |
| 856 | 40|qPDF|s461 Ko|uhttps://publications.gc.ca/collections/collection_2023/mbac-ngc/NG21-20-2017-fra.pdf |